000 00253pam a2200121 a 4500
020 _c
041 _aeng
100 _aPotter Will.
245 _aDAily Dialogures
_hTextual Documents
260 _a[s.l]:
_bMarburg.A.D
300 _a256p.
930 _a15300
999 _c92200
_d92200